Great Britain Gold Medals at the 1984 Summer Olympics - Statistics

General Stats
  • This quiz has been taken 12 times
  • The average score is 4 of 5
Answer Stats
Event Winner(s) % Correct
Rowing Mens Coxed Fours (Richard Budgett, Martin Cross, Adrian Ellison, Andy Holmes, Steven Redgrave)
100%
Athletics Sebastian Coe (Mens 1500m)
92%
Athletics Tessa Sanderson (Womens Javelin)
83%
Athletics Daley Thompson (Mens Decathlon)
75%
Shooting Malcolm Cooper (Mens small bore rifle, 3 positions)
0%
No matching quizzes found
Score Distribution
Percent of People with Each Score
Percentile by Number Answered
Your Score History
You have not taken this quiz